TEXT BOOK OF ORAL MEDICINE :ORAL DIAGNOSIS (Record no. 4830)

MARC details
000 -LEADER
fixed length control field 00346nam a2200133Ia 4500
008 - FIXED-LENGTH DATA ELEMENTS--GENERAL INFORMATION
fixed length control field 150201s2014 xx 000 0 und d
082 ## - DEWEY DECIMAL CLASSIFICATION NUMBER
Classification number 617.63
Item number O2012O
100 ## - MAIN ENTRY--PERSONAL NAME
Personal name ONGOLE ,RAVI KIRAN
245 ## - TITLE STATEMENT
Title TEXT BOOK OF ORAL MEDICINE :ORAL DIAGNOSIS
250 ## - EDITION STATEMENT
Edition statement 2ND
260 ## - PUBLICATION, DISTRIBUTION, ETC. (IMPRINT)
Name of publisher, distributor, etc. ELSEVIER PUBLICATION
650 ## - SUBJECT ADDED ENTRY--TOPICAL TERM
Topical term or geographic name as entry element ORAL MEDICINE
942 ## - ADDED ENTRY ELEMENTS (KOHA)
Source of classification or shelving scheme Dewey Decimal Classification
Koha item type Books
Koha issues (borrowed), all copies 11
Holdings
Withdrawn status Lost status Source of classification or shelving scheme Damaged status Not for loan Home library Current library Date acquired Serial Enumeration / chronology SGTU Total Checkouts Total Renewals Full call number Barcode Date last seen Date last checked out Bill Date Koha item type
    Dewey Decimal Classification     SGT Dental Library SGT Dental Library 06/07/2014 1 SGTU 5 1 617.63 O2012O FD6938 04/07/2025 27/06/2025 09/02/2015 Books
    Dewey Decimal Classification     SGT Dental Library SGT Dental Library 06/07/2014 1 SGTU 12   617.63 O2012O FD6939 02/07/2025 02/07/2025 09/02/2015 Books
    Dewey Decimal Classification     SGT Dental Library SGT Dental Library 06/07/2014 1 SGTU 4   617.63 O2012O FD6940 21/08/2024 09/08/2024 09/02/2015 Books
    Dewey Decimal Classification     SGT Dental Library SGT Dental Library 06/07/2014 1 SGTU 8   617.63 O2012O FD6941 04/06/2019 25/05/2019 09/02/2015 Books